Top 30 Outkast Songs - Statistics

General Stats
  • This quiz has been taken 3 times
  • The average score is 3 of 30
Answer Stats
# Song Rating % Correct
2. Hey Ya! 98
100%
1. Ms Jackson 98
67%
7. Roses 95
67%
3. B.O.B. 97
33%
16. 13th Floor / Growing Old 93
0%
8. Aquemini 95
0%
5. ATLiens 97
0%
12. Chonkyfire 93
0%
4. Da Art of Storytellin', Pt. 1 97
0%
10. Da Art of Storytellin', Pt. 2 94
0%
24. Elevators (Me & You) 90
0%
15. Gasoline Dreams 93
0%
26. GhettoMusick 90
0%
14. Humble Mumble 93
0%
22. Jazzy Belle 91
0%
28. Liberation 90
0%
23. Player's Ball 91
0%
30. Red Velvet 90
0%
13. Return of the "G" 93
0%
6. Rosa Parks 96
0%
17. Skew It on the Bar-B 93
0%
29. Slump 90
0%
9. So Fresh, So Clean 95
0%
11. Southernplayalisticadillacmuzik 94
0%
27. Spaghetti Junction 90
0%
21. SpottieOttieDopaliscious 91
0%
25. Synthesizer 90
0%
20. The Wat You Move 91
0%
18. Two Dope Boyz (In a Cadillac) 93
0%
19. Wheelz of Steel 92
0%
No matching quizzes found
Score Distribution
Percent of People with Each Score
Percentile by Number Answered
Your Score History
You have not taken this quiz